000 01046nam a2200289 4500
001 0000018137
003 CO-CtgCURN
005 20250329164847.0
007 ta
008 160627s2002 000 0 eng d
020 _a9586823350
040 _aCO-CtgCURN
_bspa
_ccoctgcurn
082 0 _a658.562
_bM17c
100 1 _aMariño Navarrete, Hernando.
245 1 0 _aCalidad lecciones aprendidas /
_cHernando Mariño Navarrete.
260 _aBogotá :
_bAlfaomega,
_c2002.
300 _a55 p.
336 _2rdacontent
337 _2rdamedia
_asin mediacion
_bn
338 _2rdacarrier
_avolumen
_bnc
500 _aIncluye indice.
505 8 _aLa transformacion organizacional requerida.--Como escuchar la voz del cliente.--Factores claves de exito del cliente.--Gerencia de procesos.--La calidad y los resultados economicos.--La voz de los mejores procesos
650 1 4 _aControl de calidad
_vNormas.
908 _a160627
942 _cBK
_h658.562
_iM17c
_2ddc
999 _c2579
_d2579